000 00208nam a22000857a 4500
008 161228b xxu||||| |||| 00| 0 eng d
100 _92201
_aOjasvi
245 _aEnjoy with Rhymes
260 _aNew Delhi
_bOjsvi
_c2009
999 _c5089
_d5089